Como estudiar para aprender /

Guardado en:
Autor Principal: Meenes, Max
Formato: Libro
Publicado: Buenos Aires : Paid¢s, 1965
Etiquetas: Agregar Etiqueta
Sin Etiquetas, Sea el primero en etiquetar este registro!
LEADER 00532nam a22001695a 4500
001 CEM.cems004284
005 20060216000000.0
008 130507s1965##################000#0#####d
003 CEMS
082 0 4 |a 001 
100 1 |a Meenes, Max 
245 1 0 |a Como estudiar para aprender / 
260 |a Buenos Aires :  |b Paid¢s,  |c 1965 
300 |a 106 p. 
859 |a CEMS  |b BIB. CEMS - 11 de abril  |h 001  |i M471  |p 1315.74  |t Ej.1 
859 |a CEMS  |b BIB. CEMS - 11 de abril  |h 001  |i M471  |p 2015.74  |t Ej.2 
859 |a CEMS  |b BIB. CEMS - 11 de abril  |h 001  |i M471  |p 2443.74  |t Ej.3